000 00527nam a2200169Ia 4500
008 230917s9999||||xx |||||||||||||| ||und||
020 _cRS445
040 _e240571
_aMAIN
041 _aEnglish
082 _a331.1095 B75O
100 _aBreman, Jan
245 0 _aOutcast labour in Asia: Circulation and informalization of the workforce at the bottom of the economy
260 _aNew Delhi
_bOxford University Press
_c2012
300 _axii, 391 p.
500 _a2742 22/06/2017 KB17/246 16/11/2017 Main Budget
942 _cBK
999 _c22809
_d22809